书目信息 |
| 题名: |
芥子园画传
|
|
| 作者: | ;胡佩衡 , 于非暗选订 | |
| 分册: | 第三集 花卉翎毛(巢勋临本) | |
| 出版信息: | 北京 人民美术出版社 1983 |
|
| 页数: | 316页 | |
| 开本: | 22cm | |
| 丛书名: | ||
| 单 册: | ||
| 中图分类: | J222.49 | |
| 科图分类: | ||
| 主题词: | 中国画-技法(美术) , 技法(美术)-中国画 , 花卉画-技法(美术) , 技法(美术)-花卉画 , 绘画--中国 | |
| 电子资源: | ||
| ISBN: | ||
| 000 | 00790nam0 2200289 45 | |
| 001 | 0179004937 | |
| 005 | 20040518145244.0 | |
| 010 | @dCNY1.30 | |
| 091 | @a8027.3565 | |
| 100 | @a19950724d1983 em y0chiy0121 ea | |
| 101 | 0 | @achi |
| 102 | @aCN@b110000 | |
| 105 | @aa z 000yy | |
| 106 | @ar | |
| 200 | 10 | @a芥子园画传@Ajie zi yuan hua zhuan@h第三集@i花卉翎毛(巢勋临本)@g胡佩衡,于非暗选订 |
| 210 | @a北京@c人民美术出版社@d1983 | |
| 215 | @a316页@d22cm | |
| 606 | @a中国画-技法(美术) | |
| 606 | @a技法(美术)-中国画 | |
| 606 | @a花卉画-技法(美术) | |
| 606 | @a技法(美术)-花卉画 | |
| 606 | 0 | @a绘画@x中国 |
| 690 | @aJ222.49 | |
| 702 | 0 | @a胡佩衡@AHu Pei Heng |
| 702 | 0 | @a于非暗选订@AYu Fei An Xuan Ding |
| 801 | 0 | @aCN@bNLC@c20040518 |
| 905 | @f1@b173558@dJ222.49@e16:3 | |
| 芥子园画传.第三集.花卉翎毛(巢勋临本)/胡佩衡,于非暗选订.-北京:人民美术出版社,1983 |
| 316页;22cm |
| ISBN :CNY1.30 |
| ● |
| 相关链接 |
|
|
|
|
正题名:芥子园画传
索取号:J222.49/16:3
 
预约/预借
| 序号 | 登录号 | 条形码 | 馆藏地/架位号 | 状态 | 备注 |
| 1 | 0173558 | 000795376 | 第一借阅区/ [索取号:J222.49/16:3] | 在馆 |